The recovery of management costs (Record no. 118216)

MARC details
000 -LEADER
fixed length control field 01687cam a2200253 4500
001 - CONTROL NUMBER
control field ABS68335
008 - FIXED-LENGTH DATA ELEMENTS--GENERAL INFORMATION
fixed length control field 041022n2004 000 0 eng u
035 ## - SYSTEM CONTROL NUMBER
System control number (Sirsi) u127801
100 ## - MAIN ENTRY--PERSONAL NAME
Personal name Brewer, G.
245 #4 - TITLE STATEMENT
Title The recovery of management costs
260 ## - PUBLICATION, DISTRIBUTION, ETC.
Date of publication, distribution, etc. 2004
490 ## - SERIES STATEMENT
Series statement Contract Journal
Volume/sequential designation 425(6491) 2 September 2004, 26(1)
520 ## - SUMMARY, ETC.
Summary, etc. Discusses "Euro Pools plc v Clydeside Steel Fabrications Ltd" (OHCS,unreported) which concerned whether a claimant may be entitled to recover management costs as a head of claim. E was engaged to install filtration systems for swimming pools and had subcontracted C to fabricate and supply the tanks. When, shortly after installation, the tanks started to suffer widespread corrosion, E claimed costs of remedial works from C, including time and travel costs of E's employees on the work and compensation for work they were unable to take on at this time. C argued no extra remuneration would have been earned, as staff just had to work harder. Judge found for E arguing that where employees are required to spend time on rectification works following a breach of contract, the employer will normally be entitled to recover the cost of the wages paid to those employees, together with a contribution to general overheads. View judgment at www.scotcourts.gov.uk.
590 ## - LOCAL NOTE (RLIN)
Local note ABS
590 ## - LOCAL NOTE (RLIN)
Local note ABS
650 ## - SUBJECT ADDED ENTRY--TOPICAL TERM
Topical term or geographic name entry element EURO POOLS PLC V CLYDESIDE STEEL FABRICATIONS LTD
650 ## - SUBJECT ADDED ENTRY--TOPICAL TERM
Topical term or geographic name entry element AMEC PROCESS AND ENERGY V STORK ENGINEERS AND CONTRACTORS
650 ## - SUBJECT ADDED ENTRY--TOPICAL TERM
Topical term or geographic name entry element PHEE FARRER JONES V CONNAUGHT MASON
650 ## - SUBJECT ADDED ENTRY--TOPICAL TERM
Topical term or geographic name entry element CLAIMS
650 ## - SUBJECT ADDED ENTRY--TOPICAL TERM
Topical term or geographic name entry element MANAGEMENT COSTS
650 ## - SUBJECT ADDED ENTRY--TOPICAL TERM
Topical term or geographic name entry element SUBCONTRACTORS
690 ## - LOCAL SUBJECT ADDED ENTRY--TOPICAL TERM (OCLC, RLIN)
Topical term or geographic name as entry element DISPUTE RESOLUTION-CASE LAW
942 ## - ADDED ENTRY ELEMENTS (KOHA)
Suppress in OPAC 0
Holdings
Withdrawn status Lost status Source of classification or shelving scheme Damaged status Not for loan Home library Current library Shelving location Date acquired Total Checkouts Full call number Barcode Date last seen Copy number Price effective from Koha item type
    Dewey Decimal Classification     London London Journal article 22/10/2004   ABS68335 127801-1001 06/08/2019 1 06/08/2019 Journal article